[Event "1800's Anonymous "]
[Site "SchemingMind.com"]
[Date "2012.06.04"]
[Round "-"]
[White "Scooter"]
[Black "Clive Everill"]
[Result "1-0"]
[WhiteCountry "USA"]
[BlackCountry "CZE"]
[WhiteElo "1767"]
[WhiteRD "49"]
[BlackElo "1725"]
[BlackRD "57"]
[GameID "311591"]

1. d4 d5 2. Nf3 Nf6 3. Bf4 c5 4. e3 Nc6 5. h3 Qb6 6. b3 Bf5 7. Bd3 Ne4 8. O-O e6 9. Bxe4 Bxe4 10. c3 Be7
11. Nbd2 Bd3 12. Re1 c4 13. Ne5 Nxe5 14. Bxe5 f6 15. Bg3 O-O 16. bxc4 dxc4 17. Qa4 Rfc8 18. Qd7 Kf8 19. a4 Rd8 20. Qb5 Qxb5
21. axb5 b6 22. Ra4 Rdc8 23. Rea1 h5 24. Rxa7 Rxa7 25. Rxa7 Bd8 26. Bd6+ Kg8 27. Rb7 Bc2 28. Bb8 Ba4 29. Ba7 Bxb5 30. Bxb6 Bxb6
31. Rxb6 Bd7 32. Rb4 e5 33. Rxc4 Ra8 34. Rc7 Be8 35. d5 Ra1+ 36. Kh2 Rd1 37. Ne4 Rxd5 38. c4 Rd1 39. c5 Rc1 40. Nd6 Ba4
41. Nf5 g5 42. Ne7+ Kf8 43. Nd5 f5 44. Nf6 g4 45. Nxh5 gxh3 46. gxh3 Rc4 47. Kg3 Bd1 48. Ng7 f4+ 49. exf4 exf4+ 50. Kg2 f3+
51. Kg3 Rc3 52. Ne6+ Ke8 53. h4 Rc4 54. h5 Re4 55. h6 Rxe6 56. h7 Rg6+ 57. Kf4 Rh6 58. h8=Q+ Rxh8 59. Rc8+ Kd7 60. Rxh8 Kc6
61. Rh5 Be2 62. Ke4 Kb5 63. Kd5 Bc4+ 64. Kd6 Bd3 65. c6+
1-0

[Event "1800's Anonymous "]
[Site "SchemingMind.com"]
[Date "2012.06.04"]
[Round "-"]
[White "Clive Everill"]
[Black "Scooter"]
[Result "1-0"]
[WhiteCountry "CZE"]
[BlackCountry "USA"]
[WhiteElo "1745"]
[WhiteRD "55"]
[BlackElo "1745"]
[BlackRD "49"]
[GameID "311592"]

1. e4 c6 2. d4 d5 3. Nd2 dxe4 4. Nxe4 Bf5 5. Nc5 b6 6. Nb3 Nf6 7. Nf3 h6 8. c4 e6 9. Nh4 Bh7 10. g3 Bb4+
11. Bd2 Bxd2+ 12. Qxd2 O-O 13. Bg2 Qc7 14. O-O Nbd7 15. f4 Rfd8 16. Rae1 Rac8 17. f5 exf5 18. Nxf5 Bxf5 19. Rxf5 Re8 20. d5 Rxe1+
21. Qxe1 cxd5 22. cxd5 Qc2 23. Rf2 Qg6 24. Nd4 Re8 25. Qd1 Ng4 26. Re2 Rxe2 27. Nxe2 Ne3 28. Qc1 Nxg2 29. Kxg2 Qe4+ 30. Kf2 Qxd5
31. b3 Nc5 32. Qe3 Nd3+ 33. Kg1 Ne1 34. Kf2 Nf3 35. Qxf3
1-0

[Event "1800's Anonymous "]
[Site "SchemingMind.com"]
[Date "2012.06.04"]
[Round "-"]
[White "e_castle3"]
[Black "Clive Everill"]
[Result "1-0"]
[WhiteCountry "PHI"]
[BlackCountry "CZE"]
[WhiteElo "1838"]
[WhiteRD "62"]
[BlackElo "1725"]
[BlackRD "57"]
[GameID "311663"]

1. e4 Nc6 2. Nf3 f5 3. d3 e5 4. g3 d6 5. Bg2 Nf6 6. exf5 Bxf5 7. O-O Be7 8. Nc3 O-O 9. Re1 Qd7 10. b3 h6
11. Bb2 Rae8 12. Nh4 Bh3 13. Bh1 Ng4 14. Nf3 d5 15. a3 Bc5 16. Re2 a6 17. Qd2 Nd8 18. Rae1 Nf7 19. Nd1 Bd6 20. Nh4 Qe6
21. c4 c6 22. cxd5 cxd5 23. Nc3 g5 24. Bxd5 Qf6 25. Ne4 Qd8 26. Ng6 Kg7 27. Nxf8 Rxf8 28. d4 exd4 29. Nxd6 Qxd6 30. Qxd4+ Nfe5
31. Rxe5 Nxe5 32. Rxe5 Qf6 33. Re7+ Kg6 34. Be4+ Kh5 35. Qxf6 Rxf6 36. Bxf6 Kg4 37. f3+ Kh5 38. Rg7
1-0

[Event "1800's Anonymous "]
[Site "SchemingMind.com"]
[Date "2012.06.03"]
[Round "-"]
[White "e_castle3"]
[Black "Scooter"]
[Result "1-0"]
[WhiteCountry "PHI"]
[BlackCountry "USA"]
[WhiteElo "1835"]
[WhiteRD "62"]
[BlackElo "1806"]
[BlackRD "47"]
[GameID "311664"]

1. e4 c6 2. d4 d5 3. Nc3 dxe4 4. Nxe4 Bf5 5. Nc3 Nf6 6. Nf3 h6 7. Bd3 Bxd3 8. Qxd3 e6 9. O-O Bd6 10. Re1 Nbd7
11. d5 Nxd5 12. Nxd5 cxd5 13. Qxd5 Qc7 14. c3 O-O 15. Qd1 Nf6 16. h3 Rfd8 17. Qc2 Bc5 18. a3 Rac8 19. Be3 Bxe3 20. Rxe3 Nd5
21. Ree1 b5 22. Qe4 Nf6 23. Qb4 a6 24. Re5 Rd3 25. Rae1 Rcd8 26. Rc5 Qd6 27. Rce5 Qxb4 28. axb4 Rd1 29. Kh2 Rxe1 30. Rxe1 Kf8
31. Ra1 Rd6 32. Ne1 Ne4 33. f3 Nf2 34. Kg3 Nd1 35. Ra2 Rd2 36. Rxa6 Rxb2 37. Rc6 Rb1 38. Nd3 Rb3 39. Ne5 Rxc3 40. Rb6 f6
41. Ng6+ Kf7 42. Nf4 Rc7 43. Nxe6 Re7 44. Nd4 Nc3 45. Nxb5 Nxb5 46. Rxb5 Re2 47. Rb7+ Kg6 48. b5 Rb2 49. b6 h5 50. h4 f5
51. Rb8 f4+ 52. Kxf4 Rxg2 53. b7 Rb2 54. Ke4 Rb4+ 55. Kd5 Kf7 56. Kc5 Rb3 57. f4 g6 58. Rh8
1-0

[Event "1800's Anonymous "]
[Site "SchemingMind.com"]
[Date "2012.06.05"]
[Round "-"]
[White "Clive Everill"]
[Black "e_castle3"]
[Result "0-1"]
[WhiteCountry "CZE"]
[BlackCountry "PHI"]
[WhiteElo "1745"]
[WhiteRD "55"]
[BlackElo "1878"]
[BlackRD "62"]
[GameID "311665"]

1. e4 e5 2. f4 d6 3. Nf3 Nc6 4. Bc4 Be6 5. Bxe6 fxe6 6. fxe5 Nxe5 7. O-O Ng6 8. d4 Qd7 9. c4 O-O-O 10. Be3 Kb8
11. b4 Nf6 12. Nc3 Ng4 13. Qd2 Nxe3 14. Qxe3 Be7 15. a4 Rhf8 16. c5 d5 17. exd5 exd5 18. b5 Rde8 19. Qc1 Bf6 20. c6 Qd6
21. cxb7 Nf4 22. a5 g5 23. a6 g4 24. Ne5 Bxe5 25. dxe5 Qxe5 26. Rd1 Qxc3 27. Qb1 Re2 28. Ra2 Rfe8 29. Rxe2 Rxe2 30. Qxh7 Re1+
31. Kf2 Qe3#
0-1

[Event "1800's Anonymous "]
[Site "SchemingMind.com"]
[Date "2012.06.03"]
[Round "-"]
[White "Scooter"]
[Black "e_castle3"]
[Result "0-1"]
[WhiteCountry "USA"]
[BlackCountry "PHI"]
[WhiteElo "1745"]
[WhiteRD "49"]
[BlackElo "1878"]
[BlackRD "62"]
[GameID "311666"]

1. d4 d5 2. Nf3 Nf6 3. Bf4 Bf5 4. e3 e6 5. h3 h6 6. Bd3 Bxd3 7. Qxd3 a6 8. O-O Bd6 9. Bxd6 Qxd6 10. c3 O-O
11. Nbd2 c5 12. dxc5 Qxc5 13. Nb3 Qb6 14. Rfd1 Nc6 15. Rab1 e5 16. Qf5 Rfe8 17. g4 e4 18. Nfd4 Ne5 19. g5 hxg5 20. Qxg5 Re6
21. Nxe6 Nf3+
0-1

[Event "1800's Anonymous "]
[Site "SchemingMind.com"]
[Date "2012.06.05"]
[Round "-"]
[White "David Hartley"]
[Black "e_castle3"]
[Result "1-0"]
[WhiteCountry "ENG"]
[BlackCountry "PHI"]
[WhiteElo "1842"]
[WhiteRD "71"]
[BlackElo "1838"]
[BlackRD "62"]
[GameID "311675"]

1. e4 c6 2. d4 d5 3. exd5 cxd5 4. c3 Nc6 5. Bd3 Nf6 6. Bf4 Bg4 7. Qc2 g6 8. Nd2 Bg7 9. Ngf3 O-O 10. Be2 Rc8
11. Qd1 Qb6 12. Qb3 Qxb3 13. Nxb3 b6 14. h3 Bd7 15. O-O Rfe8 16. Rfe1 Nh5 17. Bh2 e5 18. dxe5 Nxe5 19. Nxe5 Bxe5 20. Bxh5 Bxh2+
21. Kxh2 gxh5 22. Nd4 Kg7 23. Ne2 Rc4 24. Nd4 b5 25. Rxe8 Bxe8 26. Re1 Kf8 27. Re5 b4 28. Rxd5 bxc3 29. bxc3 Rxc3 30. Ra5 Rd3
31. Nf3 f6 32. Rxa7 Bc6 33. Nh4 Rd2 34. Kg3 Be4 35. f3 Bb1 36. a4 f5 37. Ra5 f4+ 38. Kh2 Bg6 39. Rc5 Rd4 40. Rc8+ Ke7
41. Ra8 Kf6 42. Nxg6 hxg6 43. a5 Ke7 44. g4 fxg3+ 45. Kxg3 g5 46. a6 h4+ 47. Kf2 Ra4 48. a7 Kf7 49. Ke3 Ke7 50. Kd3 Kd7
51. Rg8 Rxa7 52. Rg7+
1-0

[Event "1800's Anonymous "]
[Site "SchemingMind.com"]
[Date "2012.06.04"]
[Round "-"]
[White "David Hartley"]
[Black "Clive Everill"]
[Result "1/2-1/2"]
[WhiteCountry "ENG"]
[BlackCountry "CZE"]
[WhiteElo "1799"]
[WhiteRD "77"]
[BlackElo "1745"]
[BlackRD "55"]
[GameID "311676"]

1. e4 e6 2. d4 d5 3. e5 c5 4. c3 Qb6 5. Nf3 Nc6 6. a3 Bd7 7. b4 c4 8. Be2 a5 9. Bb2 axb4 10. axb4 Rxa1
11. Bxa1 g6 12. O-O Nh6 13. Bb2 Bg7 14. Bc1 Nf5 15. Bf4 O-O 16. Nbd2 Ra8 17. Qc1 Nce7 18. Qc2 Qa6 19. h3 b5 20. Rc1 Nc8
21. Nf1 Nb6 22. Ne3 Ne7 23. Ng4 Qa2 24. Bg5 Nf5 25. Ne3 Nxe3 26. Bxe3 Qxc2 27. Rxc2 Ra1+ 28. Kh2=
1/2-1/2

[Event "1800's Anonymous "]
[Site "SchemingMind.com"]
[Date "2012.06.04"]
[Round "-"]
[White "David Hartley"]
[Black "Scooter"]
[Result "1-0"]
[WhiteCountry "ENG"]
[BlackCountry "USA"]
[WhiteElo "1799"]
[WhiteRD "77"]
[BlackElo "1745"]
[BlackRD "49"]
[GameID "311677"]

1. e4 c6 2. d4 d5 3. Nc3 dxe4 4. Nxe4 Bf5 5. Ng3 Bg6 6. h4 h6 7. Nf3 Nd7 8. h5 Bh7 9. Bd3 Bxd3 10. Qxd3 Ngf6
11. Bf4 e6 12. O-O-O Be7 13. Kb1 Nb6 14. Ne5 Nbd5 15. Bd2 Bd6 16. f4 Qc7 17. Rde1 Bxe5 18. fxe5 Nd7 19. Re4 O-O-O 20. Ne2 Qb6
21. Qa3 Kb8 22. Ba5 Qa6 23. Qd6+ Kc8 24. Bxd8 Rxd8 25. Qa3 Qb6 26. Rg4 Rg8 27. Qg3 Qb5 28. Re1 Qa5 29. c3 N7b6 30. Rxg7 Rxg7
31. Qxg7 Nc4 32. Qxh6 Qb6 33. Qc1 Nde3 34. Ka1 Nxg2 35. Rh1
1-0

[Event "1800's Anonymous "]
[Site "SchemingMind.com"]
[Date "2012.06.04"]
[Round "-"]
[White "e_castle3"]
[Black "David Hartley"]
[Result "0-1"]
[WhiteCountry "PHI"]
[BlackCountry "ENG"]
[WhiteElo "1838"]
[WhiteRD "62"]
[BlackElo "1842"]
[BlackRD "71"]
[GameID "311678"]

1. e4 e6 2. d4 d5 3. exd5 exd5 4. Nf3 Nf6 5. Be2 Bd6 6. O-O O-O 7. Bg5 Nbd7 8. a4 c6 9. a5 b5 10. Qd2 Be7
11. b4 Re8 12. c3 Ne4 13. Bxe7 Nxd2 14. Bxd8 Nxf1 15. Kxf1 Rxd8 16. Nbd2 Nf6 17. Bd3 Re8 18. Ne5 Re6 19. Re1 Bb7 20. Re3 Rae8
21. Rh3 h6 22. f4 Bc8 23. f5 Rd6 24. g4 Nd7 25. Ndf3 Nf8 26. Kg2 f6 27. Ng6 Nxg6 28. fxg6 Re3 29. Ne1 Rxe1
0-1

[Event "1800's Anonymous "]
[Site "SchemingMind.com"]
[Date "2012.06.04"]
[Round "-"]
[White "Clive Everill"]
[Black "David Hartley"]
[Result "0-1"]
[WhiteCountry "CZE"]
[BlackCountry "ENG"]
[WhiteElo "1725"]
[WhiteRD "57"]
[BlackElo "1842"]
[BlackRD "71"]
[GameID "311679"]

1. e4 e6 2. d4 d5 3. Nd2 Be7 4. e5 c5 5. Qg4 g6 6. dxc5 Nd7 7. Bb5 Nh6 8. Qd4 O-O 9. b4 Nf5 10. Qb2 Nxe5
11. Ngf3 Nc6 12. O-O a5 13. Bxc6 bxc6 14. a3 Rb8 15. Qe5 Ba6 16. Re1 Bf6 17. Qf4 Bxa1 18. Nb3 Bc3 19. Bd2 axb4 20. axb4 Bg7
21. c3 Rb7 22. Na5 Rc7 23. Rd1 Bh6 24. Qg4 Bxd2 25. Rxd2 Qf6 26. Nd4 Ne3 27. Qg3 e5 28. Ndxc6 Nc4 29. Nxc4 Bxc4 30. Nxe5 Ra8
31. h4 Re7 32. f4 Ra1+ 33. Kh2 Qf5 34. Ng4 Qb1 35. Nf2 Ra3 36. Qg5 Re8 37. Ng4 Re6 38. f5 f6 39. Nxf6+ Rxf6 40. Qxf6 Qxf5
41. Qd8+ Qf8 42. Qxf8+ Kxf8 43. Rf2+ Ke7 44. Rf3 Ba2 45. Kg3 Bb1 46. Kf4 h5 47. Ke5 Be4 48. Rg3 Kd7 49. Rg5 Rxc3 50. g4 hxg4
51. Rxg4 Rc4 52. Rf4 Rxb4 53. Rf6 Rc4 54. Rd6+ Kc7 55. Rf6 Rxc5 56. Rf7+ Kb6 57. Kd6 Kb5 58. Rb7+ Kc4 59. Ke5 Rc8 60. Kf4 Rh8
61. Rc7+ Kd3 62. Kg5 Rd8 63. Ra7 Kd2 64. Kf4 Bf5 65. Ra2+ Kc3 66. h5 d4 67. h6 d3 68. Ra3+ Kb2 69. Ra5 d2 70. Rb5+ Kc3
71. Rc5+ Kb4
0-1

[Event "1800's Anonymous "]
[Site "SchemingMind.com"]
[Date "2012.06.04"]
[Round "-"]
[White "Scooter"]
[Black "David Hartley"]
[Result "1/2-1/2"]
[WhiteCountry "USA"]
[BlackCountry "ENG"]
[WhiteElo "1745"]
[WhiteRD "49"]
[BlackElo "1799"]
[BlackRD "77"]
[GameID "311680"]

1. d4 d5 2. Nf3 Nf6 3. Bf4 e6 4. h3 Nc6 5. e3 Be7 6. Be2 O-O 7. c3 a6 8. O-O Re8 9. Nbd2 Bd6 10. Bxd6 Qxd6
11. Qc2 e5 12. dxe5 Nxe5 13. Nxe5 Rxe5 14. Nf3 Bf5 15. Bd3 Bxd3 16. Qxd3 Re7 17. Rfd1 Qb6 18. b3 c6 19. Nd4 Rd8 20. c4 Red7
21. cxd5 Rxd5 22. Qe2 Ne4 23. Qc2 Nf6 24. Nf3 R8d7 25. Rxd5 Rxd5 26. Rd1 Qd8=
1/2-1/2

[Event "1800's Anonymous "]
[Site "SchemingMind.com"]
[Date "2012.06.10"]
[Round "-"]
[White "kenneth m day"]
[Black "e_castle3"]
[Result "1-0"]
[WhiteCountry "USA"]
[BlackCountry "PHI"]
[WhiteElo "1812"]
[WhiteRD "56"]
[BlackElo "1838"]
[BlackRD "62"]
[GameID "311795"]

1. e4 Nc6 2. Nf3 d6 3. d4 e5 4. Bb5 exd4 5. Qxd4 Bd7 6. Bxc6 Bxc6 7. Nc3 Qf6 8. Qd3 h6 9. O-O g5 10. a4 Bg7
11. Be3 Qg6 12. Nd5 Rc8 13. Rfe1 Nf6 14. Bxa7 O-O 15. Ne7+
1-0

[Event "1800's Anonymous "]
[Site "SchemingMind.com"]
[Date "2012.06.07"]
[Round "-"]
[White "kenneth m day"]
[Black "David Hartley"]
[Result "1/2-1/2"]
[WhiteCountry "USA"]
[BlackCountry "ENG"]
[WhiteElo "1812"]
[WhiteRD "56"]
[BlackElo "1842"]
[BlackRD "71"]
[GameID "311796"]

1. e4 e6 2. d4 d5 3. Nc3 Nf6 4. e5 Nfd7 5. f4 c6 6. Nf3 Be7 7. Bd3 c5 8. O-O Nc6 9. Nb5 Qb6 10. c3 O-O
11. Be3 c4 12. Bxh7+ Kxh7 13. Ng5+ Bxg5 14. fxg5 Qxb5 15. Qh5+ Kg8 16. Rf3 Ncxe5 17. dxe5 Nxe5 18. Rh3 f5 19. g6 Nxg6 20. Qxg6 Rf7
21. Bg5 Rc7 22. Rh7 Qxb2 23. Rf1 Qxc3 24. Qh5 g6 25. Qxg6+ Rg7 26. Rxg7+ Qxg7 27. Qe8+ Qf8 28. Qg6+ Qg7 29. Qe8+ Qf8=
1/2-1/2

[Event "1800's Anonymous "]
[Site "SchemingMind.com"]
[Date "2012.06.06"]
[Round "-"]
[White "kenneth m day"]
[Black "Clive Everill"]
[Result "0-1"]
[WhiteCountry "USA"]
[BlackCountry "CZE"]
[WhiteElo "1721"]
[WhiteRD "52"]
[BlackElo "1760"]
[BlackRD "50"]
[GameID "311797"]

1. e4 c5 2. b4 cxb4 3. a3 d5 4. exd5 Qxd5 5. Nf3 e5 6. axb4 Bxb4 7. Ba3 Bxa3 8. Rxa3 Nc6 9. Nc3 Qd8 10. Bc4 Nh6
11. Qe2 Bg4 12. Qe4 Bf5 13. Qd5 O-O 14. Kd1 Bxc2+ 15. Kc1 Bg6 16. Nxe5 Qxd5 17. Bxd5 Nxe5 18. Ne4 Rfc8+ 19. Kd1 Nhg4 20. Ke2 Bxe4
21. Bxe4 Rc7 22. h3 Nf6 23. Bf5 g6 24. Bb1 a6 25. Re1 Rac8 26. Rc3 Rxc3 27. dxc3 Rxc3 28. Kd2 Rc5 29. Ba2 Rb5 30. Bb1 Nfd7
31. Be4 Nc4+ 32. Kc3 Nd6 33. Bd3 Rc5+ 34. Kd4 Ra5 35. Re7 Nf8 36. Rc7 Ra2 37. Ke3 b5 38. Rc6 Ne8 39. Rc8 Nf6 40. Rb8 Kg7
41. Be2 N8d7 42. Rb7 Nc5 43. Rb6 Nd5+
0-1

[Event "1800's Anonymous "]
[Site "SchemingMind.com"]
[Date "2012.06.06"]
[Round "-"]
[White "kenneth m day"]
[Black "Scooter"]
[Result "1-0"]
[WhiteCountry "USA"]
[BlackCountry "USA"]
[WhiteElo "1775"]
[WhiteRD "51"]
[BlackElo "1806"]
[BlackRD "47"]
[GameID "311798"]

1. e4 c6 2. d4 d5 3. Nc3 dxe4 4. f3 exf3 5. Nxf3 Nf6 6. Bc4 Bf5 7. O-O e6 8. Be3 Bd6 9. Ne5 Bxe5 10. dxe5 Qxd1
11. Raxd1 Bxc2 12. Rd2 Ng4 13. Bg5 O-O 14. Rxc2 Nxe5 15. Bb3 Nbd7 16. Ne4 h6 17. Be7 Rfe8 18. Bd6 Ng4 19. Rd2 Ne3 20. Rf3 Nf5
21. Bb4 Ne5 22. Rf1 Ne3 23. Re1 N3c4 24. Rc2 Nb6 25. Nd6 Nd3 26. Re4 Nxb4 27. Rxb4 Reb8 28. Rf2 Nd5 29. Rxb7 Rxb7 30. Nxb7 Nb4
31. Nd6 Nd3 32. Rd2 Nc5 33. Bc4 Rd8 34. Ne4 Rxd2 35. Nxd2 Na4 36. b3 Nb6 37. Ba6 Nd5 38. Bb7 c5 39. Kf2 a5 40. Nc4 a4
41. bxa4 Nc3 42. a5
1-0

[Event "1800's Anonymous "]
[Site "SchemingMind.com"]
[Date "2012.06.10"]
[Round "-"]
[White "e_castle3"]
[Black "kenneth m day"]
[Result "1-0"]
[WhiteCountry "PHI"]
[BlackCountry "USA"]
[WhiteElo "1835"]
[WhiteRD "62"]
[BlackElo "1775"]
[BlackRD "51"]
[GameID "311799"]

1. e4 c5 2. Nf3 d6 3. Bc4 Nf6 4. Nc3 Nc6 5. O-O g6 6. d3 Bg7 7. a3 O-O 8. h3 a6 9. Be3 b5 10. Bb3 Bb7
11. Qd2 e6 12. Bh6 Re8 13. Bxg7 Kxg7 14. Rad1 Rc8 15. d4 Nxd4 16. Nxd4 cxd4 17. Qxd4 Rc6 18. e5 Nd5 19. Nxd5 exd5 20. exd6+ Kg8
21. Bxd5 Rxd6 22. Bxf7+ Kxf7 23. Qxd6 Qxd6 24. Rxd6 Re7 25. Rfd1 Bc8 26. Kf1 Rc7 27. c3 Ke7 28. Rb6 Ke8 29. Rdd6 Ke7 30. Rdc6 Kd7
31. Rxc7+ Kxc7 32. Rf6 Bf5 33. Rf7+ Kc6 34. Rxh7
1-0

[Event "1800's Anonymous "]
[Site "SchemingMind.com"]
[Date "2012.06.07"]
[Round "-"]
[White "David Hartley"]
[Black "kenneth m day"]
[Result "1-0"]
[WhiteCountry "ENG"]
[BlackCountry "USA"]
[WhiteElo "1850"]
[WhiteRD "68"]
[BlackElo "1775"]
[BlackRD "51"]
[GameID "311800"]

1. e4 c5 2. c3 d5 3. exd5 Qxd5 4. Nf3 Nc6 5. d4 Nf6 6. Be3 Bg4 7. Be2 e6 8. O-O Bd6 9. Re1 Qh5 10. dxc5 Bc7
11. g3 Rd8 12. Nbd2 O-O 13. Nd4 Nxd4 14. cxd4 Qh3 15. Nf1 Bf5 16. Bf3 Rfe8 17. Bxb7 Ba5 18. Bg2 Qg4 19. Qxg4 Nxg4 20. Rec1 e5
21. dxe5 Rxe5 22. a3 Bc7 23. Bf4 Re7 24. Bxc7 Rxc7 25. b4 Rdc8 26. Rc3 a5 27. Ne3 Nxe3 28. Rxe3 axb4 29. axb4 Rb8 30. c6 h5
31. Rb3 Be6 32. Rb2 f6 33. b5 Bc4 34. b6 Rcc8 35. b7 Rc7 36. Ra8
1-0

[Event "1800's Anonymous "]
[Site "SchemingMind.com"]
[Date "2012.06.07"]
[Round "-"]
[White "Clive Everill"]
[Black "kenneth m day"]
[Result "1-0"]
[WhiteCountry "CZE"]
[BlackCountry "USA"]
[WhiteElo "1760"]
[WhiteRD "50"]
[BlackElo "1721"]
[BlackRD "52"]
[GameID "311801"]

1. e4 c5 2. Nc3 Nc6 3. Nge2 g6 4. d4 cxd4 5. Nxd4 Bg7 6. Be3 Nf6 7. Nb3 O-O 8. Be2 e6 9. O-O b6 10. f4 Bb7
11. e5 Ne8 12. a3 f6 13. exf6 Nxf6 14. Nb5 d5 15. c3 Ne4 16. N3d4 Qe7 17. a4 a6 18. Nxc6 Bxc6 19. Na3 Nc5 20. Nb1 e5
21. b4 Nxa4 22. Rxa4 Bxa4 23. Qxa4 b5 24. Qb3 Qe6 25. Bc5 Rf7 26. Nd2 exf4 27. Bf3 Qf5 28. Bxd5 Rd8 29. Bxf7+ Qxf7 30. Qxf7+ Kxf7
31. Rxf4+ Ke6 32. Ne4 Rd3 33. h4 Rd1+ 34. Kf2 Rc1 35. Ng5+ Kd5 36. Nxh7 Bxc3 37. Rg4 Be1+ 38. Ke2 Bc3 39. Rxg6 Rb1 40. Nf6+ Kc4
41. Rg4+ Kb3 42. Rg3 Kc4 43. Ne4 Be5 44. Rd3 Rb2+ 45. Nd2+
1-0

[Event "1800's Anonymous "]
[Site "SchemingMind.com"]
[Date "2012.06.07"]
[Round "-"]
[White "Scooter"]
[Black "kenneth m day"]
[Result "1/2-1/2"]
[WhiteCountry "USA"]
[BlackCountry "USA"]
[WhiteElo "1806"]
[WhiteRD "47"]
[BlackElo "1775"]
[BlackRD "51"]
[GameID "311802"]

1. d4 Nf6 2. Bf4 g6 3. h3 Bg7 4. Nf3 d6 5. e3 O-O 6. Be2 c5 7. c3 Nc6 8. O-O Re8 9. dxc5 dxc5 10. Qxd8 Rxd8
11. Nbd2 b6 12. Nc4 Bb7 13. Rfd1 Nd5 14. Bg3 Rac8 15. Nfe5 Nxe5 16. Nxe5 Nf6 17. Bc4 e6 18. f3 Nd5 19. Bxd5 Bxd5 20. e4 Bb7
21. Kf2 f6 22. Nc4 Bf8 23. Nd6 Bxd6 24. Bxd6 Rd7 25. Bg3 Rcd8 26. Ke2 Kf7 27. Bc7 Rxd1 28. Rxd1 Rxd1 29. Kxd1 Ke7= 30. Bb8 Kd7
31. Kd2 Ba6 32. b3 Kc6 33. c4 Kb7=
1/2-1/2

[Event "1800's Anonymous "]
[Site "SchemingMind.com"]
[Date "2012.06.10"]
[Round "-"]
[White "miriskra"]
[Black "e_castle3"]
[Result "1-0"]
[WhiteCountry "WLS"]
[BlackCountry "PHI"]
[WhiteElo "1784"]
[WhiteRD "69"]
[BlackElo "1835"]
[BlackRD "62"]
[GameID "311830"]

1. d4 d5 2. Nf3 Nc6 3. c4 e6 4. Nc3 Nf6 5. Bg5 Be7 6. e3 h6 7. Bh4 O-O 8. Qc2 a6 9. Rc1 Re8 10. Bd3 Nb4
11. Qb1 Nxd3+ 12. Qxd3 c6 13. O-O Nd7 14. Bxe7 Qxe7 15. e4 dxe4 16. Nxe4 Nf6 17. Ng3 Bd7 18. Ne5 Rad8 19. Rcd1 Bc8 20. Qf3 Qc7
21. Ne4 Nxe4 22. Qxe4 f6 23. Ng6 f5 24. Qe5 Qxe5 25. Nxe5 Kf8 26. Rfe1 Ke7 27. f4 Kf6 28. Kf2 g5 29. g3 Rd6 30. c5 Rd5
31. Nc4 Red8 32. Nd6 b5 33. b4 Bd7 34. Re3 Be8 35. Ra3 Bh5 36. Rdd3 Ra8 37. Ra5 gxf4 38. gxf4 Bg4 39. h3 Bh5 40. Ke3 Bg6
41. Rda3 e5 42. dxe5+
1-0

[Event "1800's Anonymous "]
[Site "SchemingMind.com"]
[Date "2012.06.07"]
[Round "-"]
[White "miriskra"]
[Black "David Hartley"]
[Result "1-0"]
[WhiteCountry "WLS"]
[BlackCountry "ENG"]
[WhiteElo "1798"]
[WhiteRD "65"]
[BlackElo "1799"]
[BlackRD "77"]
[GameID "311831"]

1. d4 d5 2. Nf3 Nf6 3. c4 dxc4 4. Nc3 c6 5. a4 e6 6. e3 Bd6 7. Bxc4 O-O 8. e4 Bc7 9. Bg5 e5 10. Nxe5 Bxe5
11. dxe5 Qxd1+ 12. Rxd1 Ng4 13. Bf4 Re8 14. h3 Nh6 15. Rd6 Be6 16. Bxe6 fxe6 17. Bxh6 gxh6 18. Ke2 Kf7 19. Rhd1 Ke7 20. a5 b6
21. Na4 Rg8 22. g3 bxa5 23. Nc5 Rc8 24. Rxe6+
1-0

[Event "1800's Anonymous "]
[Site "SchemingMind.com"]
[Date "2012.06.07"]
[Round "-"]
[White "miriskra"]
[Black "Clive Everill"]
[Result "0-1"]
[WhiteCountry "WLS"]
[BlackCountry "CZE"]
[WhiteElo "1815"]
[WhiteRD "63"]
[BlackElo "1774"]
[BlackRD "56"]
[GameID "311832"]

1. d4 Nf6 2. c4 g6 3. Nc3 d5 4. cxd5 Nxd5 5. e4 Nxc3 6. bxc3 Bg7 7. Bc4 b6 8. Ne2 Bb7 9. Ng3 O-O 10. h4 c5
11. Be3 cxd4 12. cxd4 Nd7 13. h5 Nf6 14. hxg6 hxg6 15. f3 Qc7 16. Bxf7+ Rxf7 17. Kf2 Bxe4 18. Qd2 Ng4+
0-1

[Event "1800's Anonymous "]
[Site "SchemingMind.com"]
[Date "2012.06.06"]
[Round "-"]
[White "miriskra"]
[Black "Scooter"]
[Result "0-1"]
[WhiteCountry "WLS"]
[BlackCountry "USA"]
[WhiteElo "1773"]
[WhiteRD "66"]
[BlackElo "1779"]
[BlackRD "47"]
[GameID "311833"]

1. d4 Nf6 2. c4 e6 3. Nf3 d5 4. Nc3 Be7 5. Bg5 h6 6. Bh4 O-O 7. e3 b6 8. cxd5 Nxd5 9. Bxe7 Nxe7 10. Bd3 Bb7
11. O-O Nd7 12. Rc1 c5 13. Bb1 cxd4 14. Nxd4 Nd5 15. Ncb5 Qg5 16. Qf3 Nxe3 17. Qxb7 Nxf1 18. Rxf1 Nc5 19. Qf3 Qd2 20. Qc3 Qxc3
21. Nxc3 Rfd8 22. Nf3 Nd3 23. Bxd3 Rxd3 24. Rd1 Rxd1+ 25. Nxd1 Rc8 26. Nc3 b5 27. Kf1 b4 28. Na4 Rc1+ 29. Ke2 Ra1 30. Nd2 Rxa2
31. b3 Rc2 32. Kd3 Rc7 33. Nc4 f6 34. Ke3 Kf7 35. Nab2 g5 36. Nd3 e5 37. Nxb4 Ke6 38. Nc2 Rb7 39. b4 Kd5 40. Na5 Rc7
41. Kd2 f5 42. Ne3+ Ke6 43. Nb3 f4 44. Nc2 Kf5 45. Nc5 a5 46. Na6 Rd7+ 47. Kc3 axb4+ 48. Naxb4 h5 49. Nd3 Rc7+ 50. Kd2 g4
51. f3 e4 52. fxe4+ Kxe4 53. Nf2+ Kf5 54. Nd4+ Ke5 55. Ne2 f3 56. gxf3 gxf3 57. Nd3+ Ke4 58. Ng3+ Kd4 59. Nxh5 Rh7 60. Ndf4 Ra7
61. h3 Ra2+ 62. Ke1 Ke4 63. Ng6 Ke3 64. Kd1 f2 65. Ng3 Ra1+ 66. Kc2 Rg1 67. Nf5+ Kf3
0-1

[Event "1800's Anonymous "]
[Site "SchemingMind.com"]
[Date "2012.06.06"]
[Round "-"]
[White "miriskra"]
[Black "kenneth m day"]
[Result "0-1"]
[WhiteCountry "WLS"]
[BlackCountry "USA"]
[WhiteElo "1784"]
[WhiteRD "69"]
[BlackElo "1775"]
[BlackRD "51"]
[GameID "311834"]

1. d4 Nf6 2. c4 e6 3. Nf3 Bb4+ 4. Bd2 Qe7 5. a3 Bxd2+ 6. Qxd2 c5 7. Nc3 Nc6 8. g3 b6 9. Bg2 Bb7 10. O-O O-O
11. Rfe1 d5 12. cxd5 exd5 13. dxc5 Qxc5 14. Rac1 Rad8 15. b4 Qd6 16. Nb5 Qe6 17. Nbd4 Nxd4 18. Qxd4 Rc8 19. Red1 Qxe2 20. Rxc8 Rxc8
21. Re1 Qa2 22. Ra1 Qb3 23. Bh3 Rc7 24. Nd2 Qc3 25. Qxc3 Rxc3 26. Bg2 Rc2 27. Nb3 Ng4 28. Nd4 Rd2 29. Nb3 Rb2
0-1

[Event "1800's Anonymous "]
[Site "SchemingMind.com"]
[Date "2012.06.10"]
[Round "-"]
[White "e_castle3"]
[Black "miriskra"]
[Result "1-0"]
[WhiteCountry "PHI"]
[BlackCountry "WLS"]
[WhiteElo "1833"]
[WhiteRD "63"]
[BlackElo "1773"]
[BlackRD "66"]
[GameID "311835"]

1. e4 e6 2. d4 d5 3. exd5 exd5 4. Nf3 Bd6 5. Be2 Ne7 6. O-O Bf5 7. Re1 O-O 8. Bg5 f6 9. Bh4 Ng6 10. Bg3 Bxg3
11. hxg3 Nd7 12. Nbd2 Re8 13. Nh2 Nb6 14. b3 Be6 15. a4 a5 16. Nhf3 Bf7 17. Nf1 Qd6 18. Qd2 c6 19. Rec1 Qb4 20. Qxb4 axb4
21. Bd3 Re7 22. Re1 Rae8 23. Ne3 Nf8 24. a5 Nbd7 25. Ra4 c5 26. dxc5 Nxc5 27. Rxb4 Nxd3 28. cxd3 Bg6 29. Rd1 Ne6 30. Nxd5 Rd7
31. Nf4 Nxf4 32. gxf4 Bxd3 33. Kh2 Ree7 34. Rc1 Ba6 35. Rb6 Re4 36. Kg3 Be2 37. b4 Kf7 38. Rc3 Rc4 39. Re3 Bd3 40. Ne1 Be4
41. Nf3 Bxf3 42. Kxf3 Kg6 43. g3 Rdd4 44. Rb3 Rd7 45. b5 Ra4 46. a6 bxa6 47. Rxa6 Rxa6 48. bxa6 Ra7 49. Rb6 h5 50. Ke4 h4
51. gxh4 Kh5 52. f5 Kxh4 53. Kf4 Kh3 54. f3 Kg2 55. Rb2+ Kh3 56. Ra2
1-0